Flag Link Quiz - Statistics

General Stats
  • This quiz has been taken 11 times
  • The average score is 14 of 15
Answer Stats
Picture Answer % Correct
Albania
100%
Angola
100%
Austria
100%
Azerbaijan
100%
Norway
100%
Yemen
100%
Algeria
91%
Andorra
91%
Australia
91%
Senegal
91%
Afghanistan
82%
Libya
82%
Namibia
82%
Niger
82%
Rwanda
82%
No matching quizzes found
Score Distribution
Percent of People with Each Score
Percentile by Number Answered
Your Score History
You have not taken this quiz